[Event "I Open Blau Escacs Calvia 2015 "]
[Site "Calvià ESP"]
[Date "2015.04.12"]
[Round "2.1"]
[White "Cacho Reigadas, Sergio"]
[Black "Adrian, Claude"]
[Result "1-0"]
[WhiteElo "2519"]
[BlackElo "2197"]
[PlyCount "97"]
[EventDate "2015.04.11"]
[EventType "swiss"]
[EventRounds "9"]
[EventCountry "ESP"]
[Source "lmi"]
[SourceDate "2015.04.11"]

1. Nf3 c5 2. g3 g6 3. Bg2 Bg7 4. c4 Nc6 5. Nc3 e6 6. d3 Nge7 7. Bd2 O-O 8. a3
d5 9. Rb1 a5 10. O-O h6 11. Qb3 b6 12. Rfd1 Kh7 13. Be1 Bd7 14. e3 a4 15. Qc2
Na5 16. Nd2 Bc6 17. cxd5 exd5 18. Nxa4 d4 19. b4 Bxg2 20. Kxg2 cxb4 21. e4 bxa3
22. Nxb6 Ra6 23. Nbc4 Nxc4 24. Nxc4 f5 25. f3 fxe4 26. fxe4 Nc6 27. Rb3 a2 28.
Ra1 Qf6 29. Qe2 Ra4 30. Nb6 Ra6 31. Nd7 Qf7 32. Nxf8+ Bxf8 33. Rb2 Ne5 34. Bf2
Bc5 35. Rbxa2 Rxa2 36. Rxa2 Nxd3 37. Rd2 Nxf2 38. Qxf2 Qe6 39. Qf3 h5 40. Re2
Qc4 41. Rf2 Bd6 42. Qf7+ Qxf7 43. Rxf7+ Kh6 44. Rd7 Be5 45. Rd5 Bg7 46. Kf3 g5
47. e5 Kg6 48. Ke4 h4 49. g4 1-0

[Event "I Open Blau Escacs Calvia 2015 "]
[Site "Calvià ESP"]
[Date "2015.04.12"]
[Round "2.2"]
[White "Lasinskas, Povilas"]
[Black "Kopylov, Michael"]
[Result "0-1"]
[WhiteElo "2193"]
[BlackElo "2441"]
[PlyCount "50"]
[EventDate "2015.04.11"]
[EventType "swiss"]
[EventRounds "9"]
[EventCountry "ESP"]
[Source "lmi"]
[SourceDate "2015.04.11"]

1. d4 Nf6 2. c4 c5 3. Nf3 cxd4 4. Nxd4 e6 5. g3 d5 6. Bg2 e5 7. Nf3 d4 8. O-O
Nc6 9. e3 Bc5 10. exd4 exd4 11. Re1+ Be6 12. Ng5 O-O 13. Nxe6 fxe6 14. Bxc6
bxc6 15. Rxe6 Qd7 16. Re5 Qh3 17. Qf1 Qxf1+ 18. Kxf1 Ng4 19. Rxc5 Rxf2+ 20. Kg1
Re8 21. Bd2 Ree2 22. Rh5 Nxh2 23. Rxh2 Rxh2 24. a4 Reg2+ 25. Kf1 Rxd2 0-1

[Event "I Open Blau Escacs Calvia 2015 "]
[Site "Calvià ESP"]
[Date "2015.04.12"]
[Round "2.3"]
[White "Eggleston, David J"]
[Black "Gavrish, Leonid"]
[Result "1/2-1/2"]
[WhiteElo "2424"]
[BlackElo "2157"]
[PlyCount "105"]
[EventDate "2015.04.11"]
[EventType "swiss"]
[EventRounds "9"]
[EventCountry "ESP"]
[Source "lmi"]
[SourceDate "2015.04.11"]

1. e4 d6 2. d4 Nf6 3. Nc3 g6 4. Be3 c6 5. f3 b5 6. Qd2 Nbd7 7. O-O-O Nb6 8. g4
a6 9. h4 h5 10. g5 Ng8 11. Qf2 Bg7 12. Bd3 d5 13. f4 Bg4 14. Nf3 b4 15. Ne2
dxe4 16. Bxe4 Nd5 17. Ne5 Bxe5 18. fxe5 Bxe2 19. Qxe2 e6 20. Qc4 Nge7 21. Bd2
O-O 22. Rh3 a5 23. Kb1 Qb6 24. Qc5 Qxc5 25. dxc5 Rab8 26. Be1 Rb5 27. Bf2 a4
28. Ka1 a3 29. c4 bxc3 30. bxc3 Rb2 31. Bd4 Nf4 32. Rhh1 Ne2 33. Rb1 Rfb8 34.
Rhe1 Nxd4 35. cxd4 Nf5 36. Bxc6 Nxd4 37. Be4 Kf8 38. c6 Rxb1+ 39. Rxb1 Rxb1+
40. Kxb1 Ke7 41. Kc1 Kd8 42. Kd2 Kc7 43. Kc3 Nf5 44. Kb4 Nxh4 45. Kxa3 Nf5 46.
Kb4 Ne7 47. Kc5 h4 48. a4 h3 49. a5 Nc8 50. Bf3 h2 51. Bg2 Na7 52. Bf3 Nc8 53.
Bh1 1/2-1/2

[Event "I Open Blau Escacs Calvia 2015 "]
[Site "Calvià ESP"]
[Date "2015.04.12"]
[Round "2.4"]
[White "Queirolo Perez, Manuel"]
[Black "Nilsen, Joachim Birger"]
[Result "0-1"]
[WhiteElo "2113"]
[BlackElo "2405"]
[PlyCount "90"]
[EventDate "2015.04.11"]
[EventType "swiss"]
[EventRounds "9"]
[EventCountry "ESP"]
[Source "lmi"]
[SourceDate "2015.04.11"]

1. e4 c5 2. Nc3 g6 3. Nf3 Bg7 4. d4 cxd4 5. Nxd4 Nc6 6. Be3 Nf6 7. Be2 O-O 8.
Qd2 d5 9. exd5 Nxd5 10. Nxc6 bxc6 11. Nxd5 cxd5 12. c3 Qa5 13. O-O Rd8 14. Rfd1
Rb8 15. a4 e5 16. b4 Qc7 17. a5 Bf8 18. Bg5 Rd6 19. Be3 Rd7 20. Rac1 Rd8 21.
Bf3 Be6 22. Bg5 Rd7 23. h4 Bg7 24. Be3 Rc8 25. Be2 Qd8 26. Bb5 Rdc7 27. Ba6 Rb8
28. g3 Rd7 29. Bc5 f5 30. Qe2 Qc7 31. Bb5 Rdd8 32. Ba4 f4 33. gxf4 e4 34. Be3
Qe7 35. h5 Qh4 36. hxg6 hxg6 37. Re1 Bg4 38. f3 Bxf3 39. Qh2 Qg4+ 40. Kf1 Rbc8
41. Bc5 Bf6 42. Bb3 Kg7 43. Kf2 Rh8 44. Qg1 Qxf4 45. Be3 Rh2+ 0-1

[Event "I Open Blau Escacs Calvia 2015 "]
[Site "Calvià ESP"]
[Date "2015.04.12"]
[Round "2.5"]
[White "Abrahams, Daniel"]
[Black "Martins, David Pires Tavares"]
[Result "0-1"]
[WhiteElo "2058"]
[BlackElo "2293"]
[PlyCount "72"]
[EventDate "2015.04.11"]
[EventType "swiss"]
[EventRounds "9"]
[EventCountry "ESP"]
[Source "lmi"]
[SourceDate "2015.04.11"]

1. e4 e6 2. d4 d5 3. e5 c5 4. c3 Nc6 5. Nf3 Qb6 6. a3 c4 7. Nbd2 Na5 8. h4 Bd7
9. g3 O-O-O 10. Bh3 f5 11. exf6 gxf6 12. O-O Nh6 13. Re1 e5 14. Bxd7+ Rxd7 15.
Rb1 e4 16. Nh2 Nf5 17. Qh5 Qe6 18. Ndf1 Bd6 19. Ne3 Nxe3 20. Bxe3 Rg8 21. Kh1
Rdg7 22. Rg1 Nc6 23. Bf4 Bxf4 24. gxf4 e3 25. fxe3 Rxg1+ 26. Rxg1 Rxg1+ 27.
Kxg1 Qxe3+ 28. Kg2 Qd2+ 29. Kg3 Qxb2 30. Qxd5 Qxc3+ 31. Nf3 Qd3 32. Qe6+ Kc7
33. d5 Qxf3+ 34. Kxf3 Nd4+ 35. Ke4 Nxe6 36. dxe6 c3 0-1

[Event "I Open Blau Escacs Calvia 2015 "]
[Site "Calvià ESP"]
[Date "2015.04.12"]
[Round "2.6"]
[White "Tattersall Rodriguez, Lester"]
[Black "Altschuler, Jason"]
[Result "1/2-1/2"]
[WhiteElo "2284"]
[BlackElo "2089"]
[PlyCount "51"]
[EventDate "2015.04.11"]
[EventType "swiss"]
[EventRounds "9"]
[EventCountry "ESP"]
[Source "lmi"]
[SourceDate "2015.04.11"]

1. e4 e5 2. Nf3 Nc6 3. d4 exd4 4. Nxd4 Nf6 5. Nxc6 bxc6 6. e5 Qe7 7. Qe2 Nd5 8.
c4 Nb6 9. Nc3 a5 10. a3 a4 11. Qe4 Qe6 12. Be3 Ra5 13. f4 Ba6 14. Nb5 Bxb5 15.
cxb5 cxb5 16. Qb7 Qc6 17. Qb8+ Ke7 18. Rc1 Qe4 19. Be2 Qxe3 20. Rc3 Qxf4 21.
Qxc7 b4 22. Qd6+ Ke8 23. Qb8+ Ke7 24. Qd6+ Ke8 25. Qb8+ Ke7 26. Qd6+ 1/2-1/2

[Event "I Open Blau Escacs Calvia 2015 "]
[Site "Calvià ESP"]
[Date "2015.04.12"]
[Round "2.7"]
[White "Kernazhitsky, Leonid"]
[Black "Planas Gene, Juan"]
[Result "1/2-1/2"]
[WhiteElo "2278"]
[BlackElo "2062"]
[PlyCount "88"]
[EventDate "2015.04.11"]
[EventType "swiss"]
[EventRounds "9"]
[EventCountry "ESP"]
[Source "lmi"]
[SourceDate "2015.04.11"]

1. e4 e5 2. Nf3 Nf6 3. Nxe5 d6 4. Nf3 Nxe4 5. Nc3 Nxc3 6. dxc3 Be7 7. Be3 Nc6
8. Qd2 Be6 9. O-O-O Bxa2 10. b3 a5 11. Kb2 a4 12. Ra1 axb3 13. cxb3 Bxb3 14.
Rxa8 Qxa8 15. Kxb3 Qa1 16. Qb2 Qd1+ 17. Qc2 Na5+ 18. Kb2 Nc4+ 19. Bxc4 Qxh1 20.
Qa4+ c6 21. Qa8+ Bd8 22. Bg5 O-O 23. Bxd8 d5 24. Bd3 Qxg2 25. Nd2 Qxf2 26. Kc2
c5 27. Qa5 c4 28. Bf1 Qf5+ 29. Kc1 Re8 30. Bh4 g5 31. Bg3 h5 32. Bxc4 h4 33.
Bd6 Re1+ 34. Kb2 Rd1 35. Bb3 Rxd2+ 36. Ka3 Qd7 37. Qa8+ Kh7 38. Qf8 Qe6 39. Qd8
Qe3 40. Qf6 Qe6 41. Qd8 Qe3 42. Qf6 Qa7+ 43. Kb4 Qb6+ 44. Ka4 Qa6+ 1/2-1/2

[Event "I Open Blau Escacs Calvia 2015 "]
[Site "Calvià ESP"]
[Date "2015.04.12"]
[Round "2.8"]
[White "Asensio Ramos, Enrique Fernand"]
[Black "Seba, Kamel"]
[Result "0-1"]
[WhiteElo "2045"]
[BlackElo "2266"]
[PlyCount "72"]
[EventDate "2015.04.11"]
[EventType "swiss"]
[EventRounds "9"]
[EventCountry "ESP"]
[Source "lmi"]
[SourceDate "2015.04.11"]

1. d4 d6 2. Nf3 Nd7 3. Bf4 Ngf6 4. Nc3 c5 5. d5 g6 6. Qd2 b5 7. Nxb5 Bg7 8. c4
Nb6 9. Rc1 a6 10. Na3 Ne4 11. Qc2 f5 12. Nd2 O-O 13. f3 Nf6 14. Bg5 h6 15. Bxf6
Bxf6 16. e4 e6 17. dxe6 Bxe6 18. Bd3 Bd4 19. Nb3 Be3 20. Rd1 Qf6 21. Qe2 Bf4
22. exf5 gxf5 23. O-O Rae8 24. Qf2 Be5 25. Rd2 Na4 26. f4 Bxb2 27. Nc2 Bc3 28.
Re2 Nb2 29. Qg3+ Kh8 30. Qh3 a5 31. Na3 a4 32. Nd2 Bf7 33. Rxe8 Rxe8 34. Nf3
Nxd3 35. Ng5 Bd4+ 36. Kh1 Nf2+ 0-1

[Event "I Open Blau Escacs Calvia 2015 "]
[Site "Calvià ESP"]
[Date "2015.04.12"]
[Round "2.9"]
[White "Tate, Emory"]
[Black "Navarrete Terrasa, Sebastian"]
[Result "1-0"]
[WhiteElo "2256"]
[BlackElo "2015"]
[PlyCount "65"]
[EventDate "2015.04.11"]
[EventType "swiss"]
[EventRounds "9"]
[EventCountry "ESP"]
[Source "lmi"]
[SourceDate "2015.04.11"]

1. c4 Nf6 2. Nf3 e6 3. g3 d5 4. Bg2 Be7 5. b3 c6 6. O-O O-O 7. d4 Nbd7 8. Qc2
Re8 9. Nc3 Bf8 10. Rd1 g6 11. e4 dxe4 12. Ng5 Bg7 13. Ngxe4 Qc7 14. Bf4 e5 15.
dxe5 Nxe5 16. Nd6 Re7 17. h3 Qa5 18. Rab1 Nh5 19. b4 Qc7 20. Bg5 Bxh3 21. Ndb5
cxb5 22. Nd5 Bf5 23. Nxc7 Rxc7 24. Be4 Nf3+ 25. Kg2 Bxe4 26. Qxe4 Nxg5 27. Qd5
Ne6 28. Qxb5 Bd4 29. c5 a5 30. Qc4 b5 31. Qxb5 axb4 32. c6 Rxa2 33. Rxd4 1-0

[Event "I Open Blau Escacs Calvia 2015 "]
[Site "Calvià ESP"]
[Date "2015.04.12"]
[Round "2.10"]
[White "Ruiz Viñals, Matias"]
[Black "Brull Mayol, Cosme"]
[Result "0-1"]
[WhiteElo "2009"]
[BlackElo "2253"]
[PlyCount "78"]
[EventDate "2015.04.11"]
[EventType "swiss"]
[EventRounds "9"]
[EventCountry "ESP"]
[Source "lmi"]
[SourceDate "2015.04.11"]

1. d4 Nf6 2. c4 e6 3. Nc3 d5 4. cxd5 exd5 5. Bg5 Be7 6. e3 c6 7. Bd3 Nbd7 8.
Qc2 Nh5 9. Bxe7 Qxe7 10. Nge2 Ndf6 11. h3 g6 12. O-O-O Ng7 13. g4 Be6 14. Kb1
O-O-O 15. Rc1 Kb8 16. Na4 h5 17. g5 Nd7 18. h4 Bf5 19. Ng3 Bxd3 20. Qxd3 Nb6
21. Nxb6 axb6 22. Rc3 b5 23. f4 f5 24. Ne2 Ne8 25. Nc1 Qe4 26. Qxe4 dxe4 27.
Ne2 Nc7 28. Rcc1 Nd5 29. Rh3 b4 30. a3 Kc7 31. Rc4 b5 32. Rc5 Ra8 33. axb4 Nxb4
34. Re5 Ra5 35. Nc1 Rha8 36. b3 Nd3 37. Nxd3 exd3 38. d5 Ra1+ 39. Kb2 b4 0-1

[Event "I Open Blau Escacs Calvia 2015 "]
[Site "Calvià ESP"]
[Date "2015.04.12"]
[Round "2.11"]
[White "Galiana Salom, Juan Ramon"]
[Black "Dadello, Aleksandra"]
[Result "0-1"]
[WhiteElo "2241"]
[BlackElo "1986"]
[PlyCount "63"]
[EventDate "2015.04.11"]
[EventType "swiss"]
[EventRounds "9"]
[EventCountry "ESP"]
[Source "lmi"]
[SourceDate "2015.04.11"]

1. e4 e5 2. Nf3 Nc6 3. Bb5 a6 4. Ba4 Nf6 5. Qe2 b5 6. Bb3 Bc5 7. c3 d6 8. O-O
O-O 9. d3 h6 10. Be3 Bxe3 11. fxe3 Ne7 12. Nh4 Be6 13. Nd2 Qd7 14. Rxf6 gxf6
15. Rf1 Bxb3 16. axb3 f5 17. exf5 f6 18. Rf3 Kh7 19. Rh3 Qe8 20. e4 Rg8 21. Qe3
Qf8 22. Ndf3 a5 23. Ng6 Nxg6 24. fxg6+ Rxg6 25. Nh4 Rg5 26. Nf5 h5 27. Rf3 Qg8
28. Kh1 Re8 29. h4 Rg6 30. Rf2 Qxb3 31. Qf3 a4 32. Kh2 0-1

[Event "I Open Blau Escacs Calvia 2015 "]
[Site "Calvià ESP"]
[Date "2015.04.12"]
[Round "2.12"]
[White "Juan Mas, Santiago"]
[Black "Garcia Del Rey, Senen"]
[Result "0-1"]
[WhiteElo "1982"]
[BlackElo "2225"]
[PlyCount "50"]
[EventDate "2015.04.11"]
[EventType "swiss"]
[EventRounds "9"]
[EventCountry "ESP"]
[Source "lmi"]
[SourceDate "2015.04.11"]

1. Nf3 c5 2. c4 g6 3. g3 Bg7 4. Bg2 Nc6 5. Nc3 d6 6. d3 e6 7. O-O Nge7 8. Bd2
O-O 9. Rb1 b6 10. a3 Bb7 11. b4 Qd7 12. bxc5 dxc5 13. Nb5 Nf5 14. a4 Rfd8 15.
a5 Nxa5 16. Bxa5 bxa5 17. Qd2 a6 18. Nc3 Rab8 19. Ng5 Bxg2 20. Kxg2 Nd4 21. f3
f5 22. Nh3 Rb4 23. Na2 Rdb8 24. Nxb4 axb4 25. Ra1 Nb3 0-1

[Event "I Open Blau Escacs Calvia 2015 "]
[Site "Calvià ESP"]
[Date "2015.04.12"]
[Round "2.13"]
[White "Rhein, Klaus"]
[Black "Paterson, Andrew I"]
[Result "1-0"]
[WhiteElo "2208"]
[BlackElo "1986"]
[PlyCount "73"]
[EventDate "2015.04.11"]
[EventType "swiss"]
[EventRounds "9"]
[EventCountry "ESP"]
[Source "lmi"]
[SourceDate "2015.04.11"]

1. e4 c6 2. d4 d5 3. e5 Bf5 4. h4 h5 5. Bg5 Qb6 6. Bd3 Bxd3 7. Qxd3 Qxb2 8. e6
Qxa1 9. Qb3 Qxd4 10. Qxb7 Qe5+ 11. Ne2 Qxe6 12. Qxa8 Qd6 13. O-O f6 14. Be3 Kf7
15. Qxa7 Nd7 16. c4 e5 17. cxd5 cxd5 18. f4 Kg6 19. fxe5 fxe5 20. Qa4 Ngf6 21.
Qc2+ Kf7 22. Ng3 Qb4 23. Qf5 Qg4 24. Qxg4 hxg4 25. Bg5 Bc5+ 26. Kh2 Ke6 27. Nc3
e4 28. Nf5 Rh7 29. Nb5 Bb6 30. g3 Ne5 31. Nxg7+ Rxg7 32. Rxf6+ Kd7 33. Rxb6
Nf3+ 34. Kg2 Nxg5 35. Rb7+ Kc6 36. Rxg7 Nf3 37. a4 1-0

[Event "I Open Blau Escacs Calvia 2015 "]
[Site "Calvià ESP"]
[Date "2015.04.12"]
[Round "2.14"]
[White "Ponce Cano, Adrian"]
[Black "Ferrer Agus, Rodrigo"]
[Result "1-0"]
[WhiteElo "2200"]
[BlackElo "1301"]
[PlyCount "87"]
[EventDate "2015.04.11"]
[EventType "swiss"]
[EventRounds "9"]
[EventCountry "ESP"]
[Source "lmi"]
[SourceDate "2015.04.11"]

1. e4 e5 2. f4 exf4 3. Nf3 h6 4. Bc4 Nc6 5. O-O g5 6. d4 Bg7 7. c3 d6 8. Na3
Nf6 9. Qc2 a6 10. e5 Nh7 11. exd6 cxd6 12. Re1+ Ne7 13. Qe2 Bf6 14. Bd3 O-O 15.
Qc2 Ng6 16. Bxg6 fxg6 17. Qxg6+ Kh8 18. Qxh6 Bg7 19. Qh5 Kg8 20. Nc4 Bd7 21.
Qg6 Rf6 22. Qe4 Qc7 23. Ncd2 Re6 24. Qd5 Rae8 25. h3 Kh8 26. Rxe6 Bxe6 27. Qe4
Bf7 28. Qd3 Re3 29. Qf1 Qe7 30. Nb3 Re2 31. Bd2 Bc4 32. Re1 Nf6 33. Rxe2 Bxe2
34. Qe1 Nd5 35. Nc1 Bxf3 36. Qxe7 Nxe7 37. gxf3 d5 38. Nd3 b5 39. Kg2 Nf5 40.
Nb4 Kh7 41. Nxd5 Kg6 42. Nc7 b4 43. Nxa6 bxc3 44. bxc3 1-0

[Event "I Open Blau Escacs Calvia 2015 "]
[Site "Calvià ESP"]
[Date "2015.04.12"]
[Round "2.15"]
[White "Carranza Pons, Ricardo Nelson"]
[Black "Crespi Lopez, Joan"]
[Result "0-1"]
[WhiteElo "1782"]
[BlackElo "1980"]
[PlyCount "71"]
[EventDate "2015.04.11"]
[EventType "swiss"]
[EventRounds "9"]
[EventCountry "ESP"]
[Source "lmi"]
[SourceDate "2015.04.11"]

1. e4 c5 2. d4 cxd4 3. c3 dxc3 4. Nxc3 e6 5. Nf3 Nc6 6. Bc4 Qc7 7. O-O Nf6 8.
Qe2 Ng4 9. g3 a6 10. Bf4 Bd6 11. Bxd6 Qxd6 12. Rfd1 Qc5 13. Nd5 O-O 14. Nf4
Nxf2 15. Qxf2 Qxc4 16. Rdc1 Qxe4 17. Re1 Qa4 18. Qc5 Qb5 19. Qc3 b6 20. Ne5
Qc5+ 21. Qxc5 bxc5 22. Nxc6 dxc6 23. Rac1 Rb8 24. Nd3 Rd8 25. Re3 a5 26. Rxc5
Ba6 27. Ne5 Rxb2 28. Re1 h6 29. Rxa5 Bb7 30. Ra7 c5 31. Ng4 Rdd2 32. Ne3 Be4
33. Ra4 f5 34. Rxe4 fxe4 35. Nc4 Rg2+ 36. Kh1 0-1

[Event "I Open Blau Escacs Calvia 2015 "]
[Site "Calvià ESP"]
[Date "2015.04.12"]
[Round "2.18"]
[White "Galiana Moll, Ramon Aron"]
[Black "Ferrer Mygina, Juan"]
[Result "1-0"]
[WhiteElo "1944"]
[BlackElo "1581"]
[PlyCount "45"]
[EventDate "2015.04.11"]
[EventType "swiss"]
[EventRounds "9"]
[EventCountry "ESP"]
[Source "lmi"]
[SourceDate "2015.04.11"]

1. e4 e6 2. d4 d5 3. e5 c5 4. c3 Nc6 5. Nf3 Qb6 6. a3 Nh6 7. Bd3 Bd7 8. O-O
cxd4 9. cxd4 Nxd4 10. Nxd4 Qxd4 11. Nc3 Qxe5 12. Re1 Qd6 13. Qf3 O-O-O 14. Bf4
Qb6 15. Rac1 Bc6 16. b4 Bxb4 17. axb4 Qxb4 18. Nb5 a6 19. Na7+ Kd7 20. Nxc6
bxc6 21. Rb1 Qf8 22. Rb7+ Ke8 23. Bg5 1-0

[Event "I Open Blau Escacs Calvia 2015 "]
[Site "Calvià ESP"]
[Date "2015.04.12"]
[Round "2.19"]
[White "Ramis Sebastia, Jordi Salvador"]
[Black "Boix Pons, Catalina"]
[Result "0-1"]
[WhiteElo "1632"]
[BlackElo "1914"]
[PlyCount "100"]
[EventDate "2015.04.11"]
[EventType "swiss"]
[EventRounds "9"]
[EventCountry "ESP"]
[Source "lmi"]
[SourceDate "2015.04.11"]

1. d4 d5 2. c4 c6 3. Nf3 Nf6 4. Nc3 Bf5 5. e3 e6 6. Bd3 Bxd3 7. Qxd3 Bd6 8. O-O
Nbd7 9. e4 dxe4 10. Nxe4 Nxe4 11. Qxe4 Nf6 12. Qe2 O-O 13. Bg5 h6 14. Bh4 Be7
15. Rad1 Qc7 16. Bg3 Qa5 17. a3 Rad8 18. Rd3 b5 19. b4 Qa6 20. c5 Rd5 21. Ne5
Qb7 22. f4 Rfd8 23. Bf2 Ra8 24. Be3 a5 25. f5 Qc8 26. g4 exf5 27. gxf5 Bf8 28.
Qg2 Kh7 29. Nxf7 Rxf5 30. Bf2 Qd7 31. Ne5 Rxe5 32. dxe5 Qxd3 33. exf6 Qg6 34.
Bg3 h5 35. h4 axb4 36. axb4 gxf6 37. Kh2 Ra3 38. Rg1 f5 39. Qb2 Ra8 40. Be5 Qf7
41. Rg2 Bh6 42. Qe2 Re8 43. Qb2 Rg8 44. Kh3 Rxg2 45. Qxg2 Qe6 46. Bd6 Qe3+ 47.
Kh2 Bf4+ 48. Bxf4 Qxf4+ 49. Kh1 Qxh4+ 50. Kg1 Qg4 0-1

[Event "I Open Blau Escacs Calvia 2015 "]
[Site "Calvià ESP"]
[Date "2015.04.12"]
[Round "2.21"]
[White "Rossello Sanchez, Bartolome"]
[Black "Cemborain Oricain, Alfonso"]
[Result "0-1"]
[WhiteElo "1524"]
[BlackElo "1892"]
[PlyCount "64"]
[EventDate "2015.04.11"]
[EventType "swiss"]
[EventRounds "9"]
[EventCountry "ESP"]
[Source "lmi"]
[SourceDate "2015.04.11"]

1. b3 d5 2. Bb2 c5 3. e3 Nf6 4. d3 Nc6 5. Nd2 e5 6. Be2 Bd6 7. a3 O-O 8. g4 Be6
9. h4 b5 10. g5 Nd7 11. Bg4 Qe7 12. e4 Nd4 13. Bxe6 Qxe6 14. c3 Nc6 15. Qf3 d4
16. Ne2 dxc3 17. Bxc3 Nd4 18. Bxd4 cxd4 19. Ng3 Rac8 20. Nf5 Rc3 21. b4 a5 22.
Nxd6 Qxd6 23. O-O axb4 24. axb4 Qxb4 25. Rfb1 Qc5 26. Nb3 Qc7 27. Na5 Rb8 28.
Qh3 Nc5 29. Rc1 Nxd3 30. Rcb1 Nxf2 31. Qf5 Nh3+ 32. Kh1 Nf4 0-1

[Event "I Open Blau Escacs Calvia 2015 "]
[Site "Calvià ESP"]
[Date "2015.04.12"]
[Round "2.22"]
[White "Vicens Company, Francesc"]
[Black "Perez Prieto, German"]
[Result "0-1"]
[WhiteElo "1517"]
[BlackElo "1833"]
[PlyCount "56"]
[EventDate "2015.04.11"]
[EventType "swiss"]
[EventRounds "9"]
[EventCountry "ESP"]
[Source "lmi"]
[SourceDate "2015.04.11"]

1. d4 Nf6 2. c4 e6 3. Nc3 d5 4. Bg5 Be7 5. Nf3 O-O 6. e3 b6 7. cxd5 Nxd5 8.
Bxe7 Nxe7 9. Bd3 Bb7 10. O-O Nd7 11. Ne4 Nd5 12. a3 N5f6 13. Ng3 c5 14. Bb5 Qe7
15. dxc5 Nxc5 16. Ne5 Rfd8 17. Qe2 Nb3 18. Rad1 Qc5 19. Nd7 Nxd7 20. Bxd7 Qe5
21. Ba4 Nc5 22. Bc2 Ba6 23. Rxd8+ Rxd8 24. Rd1 Rxd1+ 25. Qxd1 g6 26. b4 Nb7 27.
a4 Nd6 28. b5 Bb7 0-1

[Event "I Open Blau Escacs Calvia 2015 "]
[Site "Calvià ESP"]
[Date "2015.04.12"]
[Round "2.23"]
[White "Kopylov, Daniel"]
[Black "Adrian, Louise"]
[Result "1-0"]
[WhiteElo "1813"]
[BlackElo "1499"]
[PlyCount "57"]
[EventDate "2015.04.11"]
[EventType "swiss"]
[EventRounds "9"]
[EventCountry "ESP"]
[Source "lmi"]
[SourceDate "2015.04.11"]

1. e4 c5 2. Nf3 Nc6 3. d4 cxd4 4. Nxd4 g6 5. Nc3 Bg7 6. Be3 Nf6 7. Nxc6 bxc6 8.
e5 Ng8 9. Bd4 Qa5 10. e6 Bxd4 11. Qxd4 f6 12. exd7+ Bxd7 13. Bc4 Rd8 14. O-O
Bf5 15. Qe3 e5 16. f4 Kf8 17. fxe5 Re8 18. Qd4 Qxe5 19. Qxa7 Ne7 20. Rae1 Qd6
21. Ne4 Bxe4 22. Rxe4 f5 23. Re6 Qd8 24. Rfe1 h5 25. Rf6+ Kg7 26. Rf7+ Kh6 27.
Rfxe7 Rxe7 28. Qxe7 Qxe7 29. Rxe7 1-0

[Event "I Open Blau Escacs Calvia 2015 "]
[Site "Calvià ESP"]
[Date "2015.04.12"]
[Round "2.24"]
[White "Taborda Cembalo, Luciano"]
[Black "Dadello, Andrzej"]
[Result "1-0"]
[WhiteElo "1444"]
[BlackElo "1801"]
[PlyCount "75"]
[EventDate "2015.04.11"]
[EventType "swiss"]
[EventRounds "9"]
[EventCountry "ESP"]
[Source "lmi"]
[SourceDate "2015.04.11"]

1. e4 c5 2. Nf3 d6 3. d4 cxd4 4. Nxd4 Nf6 5. Nc3 g6 6. Be3 Bg7 7. Be2 a6 8. Qd2
Nbd7 9. Bh6 Bxh6 10. Qxh6 b5 11. Nc6 Qb6 12. Nxe7 Kxe7 13. O-O-O Bb7 14. f3 b4
15. Na4 Qa5 16. b3 Bc6 17. Qd2 Ne8 18. Qd4 f6 19. Nb2 Qc5 20. Qd2 a5 21. Kb1
Bb5 22. Bxb5 Qxb5 23. h4 Nb6 24. g4 a4 25. g5 axb3 26. gxf6+ Kf7 27. cxb3 Rc8
28. Rc1 Rb8 29. Rhd1 Nd7 30. Nc4 Qa6 31. Qd5+ Kf8 32. Qe6 Nexf6 33. Rxd6 Qa7
34. Ne5 Nxe5 35. Qxe5 Ng8 36. Qxh8 Ra8 37. Rf6+ Ke7 38. Qg7+ 1-0

[Event "I Open Blau Escacs Calvia 2015 "]
[Site "Calvià ESP"]
[Date "2015.04.12"]
[Round "2.25"]
[White "Pons Escanellas, Antonio M"]
[Black "Vicens Company, Maria Antonia"]
[Result "0-1"]
[WhiteElo "1376"]
[BlackElo "1744"]
[PlyCount "52"]
[EventDate "2015.04.11"]
[EventType "swiss"]
[EventRounds "9"]
[EventCountry "ESP"]
[Source "lmi"]
[SourceDate "2015.04.11"]

1. d4 Nf6 2. c4 c5 3. d5 b5 4. b3 bxc4 5. bxc4 g6 6. Bb2 d6 7. e4 Bg7 8. Bd3
Na6 9. Qa4+ Qd7 10. Qxd7+ Bxd7 11. a3 O-O 12. Nf3 Rab8 13. Bc3 Nc7 14. O-O Na8
15. Nbd2 Nb6 16. e5 Ng4 17. Rae1 Na4 18. Ba1 Nb2 19. Bxb2 Rxb2 20. exd6 exd6
21. Re7 Rd8 22. Rfe1 Ne5 23. h3 Nxd3 24. Rb1 Rxb1+ 25. Nxb1 Re8 26. Rxe8+ Bxe8
0-1

[Event "I Open Blau Escacs Calvia 2015 "]
[Site "Calvià ESP"]
[Date "2015.04.12"]
[Round "2.26"]
[White "Adrian, Lucien"]
[Black "Orcera Gomez, Francisco"]
[Result "0-1"]
[WhiteElo "1288"]
[BlackElo "1723"]
[PlyCount "48"]
[EventDate "2015.04.11"]
[EventType "swiss"]
[EventRounds "9"]
[EventCountry "ESP"]
[Source "lmi"]
[SourceDate "2015.04.11"]

1. d4 Nf6 2. c4 g6 3. Nc3 Bg7 4. Nf3 O-O 5. e4 d6 6. Bd3 Nbd7 7. O-O c5 8. e5
dxe5 9. dxc5 Nxc5 10. Bc2 Qc7 11. Nb5 Qb8 12. Qe2 e4 13. Ng5 Ng4 14. g3 f5 15.
h3 Ne5 16. b4 Ncd3 17. c5 Kh8 18. Bf4 Nxf4 19. gxf4 Nc6 20. Qe3 h6 21. Nxe4
fxe4 22. Bxe4 Bxa1 23. Rxa1 Qxf4 24. Qd3 Bf5 0-1

[Event "I Open Blau Escacs Calvia 2015 "]
[Site "Calvià ESP"]
[Date "2015.04.13"]
[Round "3.1"]
[White "Brull Mayol, Cosme"]
[Black "Cacho Reigadas, Sergio"]
[Result "1/2-1/2"]
[WhiteElo "2253"]
[BlackElo "2519"]
[PlyCount "122"]
[EventDate "2015.04.11"]
[EventType "swiss"]
[EventRounds "9"]
[EventCountry "ESP"]
[Source "lmi"]
[SourceDate "2015.04.11"]

1. e4 c5 2. Nf3 e6 3. c3 Nf6 4. e5 Nd5 5. d4 cxd4 6. cxd4 b6 7. Nc3 Nxc3 8.
bxc3 Qc7 9. Bd2 Bb7 10. Bd3 d6 11. O-O Nd7 12. Re1 Be7 13. Rc1 O-O 14. Bf4 Rfe8
15. Re3 Nf8 16. Nd2 dxe5 17. Bxe5 Bd6 18. f4 f6 19. Bxd6 Qxd6 20. Qf1 Rac8 21.
Bc4 Bd5 22. Bb3 Kh8 23. g3 Re7 24. Qf2 h6 25. Ree1 Rec7 26. Qe3 Qa3 27. c4 Bb7
28. Nb1 Qa5 29. Nc3 Rxc4 30. Bxc4 Rxc4 31. d5 Rxc3 32. Qxc3 Qxd5 33. Kf2 Nd7
34. Rcd1 Qg2+ 35. Ke3 Nc5 36. Re2 Qf3+ 37. Kd2 Ne4+ 38. Rxe4 Qxe4 39. Kc1 Bd5
40. Qc8+ Kh7 41. Qc2 Qxc2+ 42. Kxc2 Kg6 43. Kd2 Kf5 44. Ke3 b5 45. a3 a5 46.
Rb1 Bc4 47. h3 h5 48. Rc1 a4 49. g4+ hxg4 50. hxg4+ Kxg4 51. Rg1+ Kf5 52. Rxg7
e5 53. fxe5 Kxe5 54. Re7+ Kd6 55. Rb7 Kc6 56. Rb8 Kd5 57. Rd8+ Ke5 58. Re8+ Be6
59. Rb8 Bd7 60. Rd8 Bc6 61. Rc8 Kf5 1/2-1/2

[Event "I Open Blau Escacs Calvia 2015 "]
[Site "Calvià ESP"]
[Date "2015.04.13"]
[Round "3.2"]
[White "Kopylov, Michael"]
[Black "Garcia Del Rey, Senen"]
[Result "1/2-1/2"]
[WhiteElo "2441"]
[BlackElo "2225"]
[PlyCount "27"]
[EventDate "2015.04.11"]
[EventType "swiss"]
[EventRounds "9"]
[EventCountry "ESP"]
[Source "lmi"]
[SourceDate "2015.04.11"]

1. d4 g6 2. Nf3 Bg7 3. e4 c5 4. d5 d6 5. c4 e6 6. dxe6 Bxe6 7. Nc3 Nf6 8. Bf4
O-O 9. Bxd6 Re8 10. Be2 Qb6 11. O-O Rd8 12. e5 Ne8 13. Qb3 Nxd6 14. Rad1
1/2-1/2